000 01283nam a2200337 a 4500
001 000028496
003 DO-SdBNP
005 20161017104724.0
007 000028496
008 110408t2003 dr 001 j spa d
040 _aBPMET
_bspa
_cBPMET
092 _aRD863.4408
_bT396c
245 0 0 _aTres cuentos sobre el dinero /
_cManuel del Cabral, Juan Bosch, Ramón Francisco ; editor Tomás Castro Burdiez.
260 _aSanto Domingo :
_bFundación para la Educación y las Artes,
_c2003.
300 _a24 p. ;
_c21 cm.
490 1 _aCuadernos educativos y culturales
_v13
650 4 _aCUENTOS DOMINICANOS
_xCOLECCIONES
650 4 _aLITERATURA DOMINICANA
700 1 _aBosch, Juan,
_d1909-2001
_tDos pesos de agua
700 1 _aFrancisco, Ramón,
_d1929-
_tLa moneda gastada
700 1 _aCabral, Manuel del,
_d1907-1999
_tEl centavo
700 1 _aCastro Burdiez, Tomás,
_d1959-,
_eed.
830 0 _aCuadernos educativos y culturales
_v13
910 _aValidado. Control de calidad EMS.
930 1 _lBND01
_mLF1
_hRD863.4408
_820110408
_f04
_pHD
_g21054
942 _2ddc
_cBK
956 _aYLOCKWARD
_b10
_c20110408
_lBND01
_h1427
956 _aLOPEREZ
_b10
_c20110412
_lBND01
_h1134
956 _aEMARRERO
_b40
_c20110621
_lBND01
_h1553
956 _aMMOLINA
_b40
_c20140716
_lBND01
_h1026
999 _c7765
_d7765